| 000 | 00355nam a2200133Ia 4500 | ||
|---|---|---|---|
| 008 | 240624s9999 xx 000 0 und d | ||
| 041 | _aeng | ||
| 082 | _a300 PRE | ||
| 100 | _aPRELL CHRISTINA | ||
| 245 | _aSOCIAL NETWORK ANALYSIS HISTORY THEORY A | ||
| 260 |
_c2012 _aLondon _bSage Publications |
||
| 300 | _avi, : 263 : p. : cm. ; 24 | ||
| 365 |
_cGBP _b30 |
||
| 999 |
_c19799 _d19799 |
||